00358nam a2200133Ia 450000500170000000800410001702000150005808200130007310000110008624500160009726000430011330000120015650000560016820250520005056.0240331s9999 xx 000 0 und d a955800801X bKARa805 aKaroor 0aLee bonikko aBoralesgamuwabAsian Film centrec2001 a65 p ., aBased on the Malayalam Short Story Translation Book